000 00328pab a2200145 454500
008 180718b1999 xxu||||| |||| 00| 0 eng d
100 _aVittal, N.
245 _aCorruption as AIDS of the society
260 _c1999
300 _ap.6
362 _a24 May
650 _aCorruption
773 _aEconomic Times
909 _a42425
999 _c42425
_d42425